000 00344nam a2200133Ia 4500
008 151001s9999||||xx |||||||||||||| ||und||
100 _a -
245 _aनिवडक धनंजय
250 _a1
260 _bराजेंद्र प्रकाशन ठाणे
260 _c2010
300 _a520
365 _b22
999 _c996907
_d996904